| 000 | 01192nam a22002897i 4500 | ||
|---|---|---|---|
| 003 | EG-ScBUE | ||
| 005 | 20230903095932.0 | ||
| 008 | 220731s2000 u o f b 000 0aara d | ||
| 017 | _a2000 / 13666 | ||
| 020 | _a9775417023 | ||
| 040 |
_aEG-ScBUE _beng _erda _cEG-ScBUE _dEG-ScBUE |
||
| 043 | _af-ua--- | ||
| 082 | 0 | 4 |
_222 _a720.962 _bإ ب ر |
| 100 | 1 |
_aإبراهيم، عبد الباقي، _eمؤلف. |
|
| 245 | 1 | 0 |
_aمشوار البحث عن أصول العمارة في الإسلام : _bسيرة ذاتية / _cتأليف الدكتور عبد الباقي إبراهيم. |
| 264 | 1 |
_aالقاهرة : _bمركز الدراسات التخطيطية والمعمارية CPAS، _c2000. |
|
| 300 |
_a68، أ-ذ صفحة : _bصور ؛ _c30 سم |
||
| 336 |
_2rdacontent _aنص _btxt |
||
| 337 |
_2rdamedia _aبدون وسيط _bn |
||
| 338 |
_2rdacarrier _aمجلد _bnc |
||
| 504 | _aيشتمل على إرجاعات ببليوجرافية. | ||
| 541 |
_cDonation ; _aProf. Ayman Othman. |
||
| 600 | 1 | 7 |
_aإبراهيم، عبد الباقي _vمذكرات. _2BUEsh |
| 650 | 7 |
_aالمعماريون المصريون _vتراجم. _2BUEsh |
|
| 655 | _vReading book | ||
| 942 | _2ddc | ||
| 999 |
_c30503 _d30474 |
||